|
|
|
|
| LEADER |
01109nam a2200265 a 4500 |
| 001 |
13482281 |
| 008 |
091027s2003 bg ab bs 000 0 eng d |
| 010 |
|
|
|a 2003321717
|
| 020 |
|
|
|a 9843206797
|
| 040 |
|
|
|a DLC
|c DLC
|
| 082 |
|
|
|a 307.1412095492
|
| 100 |
1 |
|
|a Ahsan Ullah, A. K. M.
|
| 245 |
1 |
0 |
|a NGOs and development, alleviating rural poverty in Bangladesh /
|c A.K.M. Ahsan Ullah, Jayant K. Routray.
|
| 260 |
|
|
|a Dhaka :
|b Book Mark International,
|c 2003.
|
| 300 |
|
|
|a xviii, 194 p. :
|b ill., maps ;
|c 25 cm.
|
| 504 |
|
|
|a Includes bibliographical references (p. 126-135).
|
| 541 |
1 |
|
|e 00008535
|
| 650 |
|
0 |
|a Rural development
|z Bangladesh.
|
| 650 |
|
0 |
|a Non-governmental organizations
|z Bangladesh.
|
| 650 |
|
0 |
|a Rural poor
|z Bangladesh.
|
| 651 |
|
0 |
|a Bangladesh
|x Rural conditions.
|
| 700 |
1 |
|
|a Routray, Jayant K.
|
| 852 |
4 |
|
|a Ayesha Abed Library
|j General Shelf
|
| 999 |
|
|
|c 5372
|d 5372
|
| 952 |
|
|
|0 0
|1 0
|2 ddc
|4 0
|6 307_141209549200000_AHS_2003
|7 0
|9 5233
|a BRACUL
|b BRACUL
|c GEN
|d 2009-11-10
|g 0.00
|l 1
|m 2
|o 307.1412095492 AHS
|p 3010008535
|r 2015-04-21
|s 2015-04-05
|t 1
|w 2009-11-10
|y BK
|x No price found in the accession register.
|